000
00245nam a22001217a 4500
040
_c
SK
082
_a
230
100
_a
OEUR SOTHEAROTH
245
_a
Selected works of student essays
260
_a
JICA
_b
OEU
_c
2005
300
_a
76p.
942
_c
EK
999
_c
9945
_d
9945